000 00438nam a2200181Ia 4500
001 24033
005 20260414151017.0
008 260414t1999||||xx |||||||||||||| ||spa||
041 _aESP
082 _a759
_bP53
100 _aWalther, Ingo F.
_eAUT
245 0 _aPablo Picasso :
_b1881-1873 - El genio del siglo
260 _c1999
300 _a96 páginas :
_c23 cm.
650 _aABD
654 _aCAU
942 _cLIB
_dJUS
_fJUS
_2ddc
_n
999 _c24033
_d24033